000 00538nam a2200193Ia 4500
005 20250326141737.0
008 250326s9999 xx 000 0 und d
020 _a81-7041-133-5
037 _aTextbook
040 _aFMSL
_beng
_cFMSL
041 _aeng
_2eng
084 _aX:545.44y7 M9
_qFMSL
100 _aSharma Rajinder
_9299388
245 0 _aExport marketing
_cSharma Rajinder
260 _aNew Delhi
_bNew Delhi, Anmol Pub.
_c1989
300 _a298p
942 _cTB
_hX:545.44y7 M9
999 _c1291766
_d1291766